Entrez dans nos classes: dossier concu par des formateurs d'enseignants de mathématiques
Đã lưu trong:
| Những tác giả chính: | , |
|---|---|
| Định dạng: | Sách |
| Ngôn ngữ: | Tiếng Pháp |
| Được phát hành: |
Rouen
CRDC
1998
|
| Loạt: | Chemin Faisant
|
| Những chủ đề: | |
| Các nhãn: |
Thêm thẻ
Không có thẻ, Là người đầu tiên thẻ bản ghi này!
|
MARC
| LEADER | 00000nam a2200000 a 4500 | ||
|---|---|---|---|
| 001 | UCN7742 | ||
| 003 | CL-VaPUC | ||
| 008 | 011026e19980000fr |||||||||||||||||fre|d | ||
| 082 | 0 | 4 | |a 371.1 |b HEB |2 21 |
| 100 | |a Hébert, Elisabeth |e author |9 474281 | ||
| 700 | 0 | |a Tavignot, Patricia |e author |9 463782 | |
| 245 | 1 | 0 | |a Entrez dans nos classes: dossier concu par des formateurs d'enseignants de mathématiques |
| 300 | |a 275 p | ||
| 942 | |c BK | ||
| 945 | |d 20011026 00:00:00 |a cmena | ||
| 260 | |a Rouen |b CRDC |c 1998 | ||
| 650 | 0 | |a Formación profesional de profesores |9 307493 | |
| 650 | 0 | |a Matemática |9 260235 | |
| 650 | 0 | |a Métodos de enseñanza |9 270413 | |
| 650 | 0 | |a Planificación de la educación |9 307333 | |
| 490 | 0 | |a Chemin Faisant | |
| 999 | |c 297951 |d 297949 | ||
| 583 | |k Rodrigo Vera | ||
| 952 | |0 0 |1 0 |4 0 |6 371_100000000000000_HEB_1998 |7 0 |8 A |9 353011 |a BIBMAT |b BIBMAT |c E_DIDACT |d 2019-11-21 |i 3591638 |o 371.1 HEB 1998 |p 3591638 |r 2025-01-07 |w 2019-11-21 |y BK |k MAT | ||